Mariánské Lázně : terénní cesty po Mariánských Lázních a okolí /

Hlavní autor: Levý, Zdeněk
Jazyk: Čeština
Vydáno: Praha : Svépomoc, 1971
Vydání: 1. vyd.
Fyzický popis: 1 nestránkovaný sv.
Knihy
Uloženo v:
LEADER 00597nam a2200181 a 4500
001 000611508
003 CZ BrMZK
005 20170811123930.0
008 020719s1971 xr f cze d
040 |a BOA001  |b cze  |c BOA001 
100 1 |a Levý, Zdeněk  |4 aut 
245 1 0 |a Mariánské Lázně :  |b terénní cesty po Mariánských Lázních a okolí /  |c Zdeněk Levý 
250 |a 1. vyd. 
260 |a Praha :  |b Svépomoc,  |c 1971 
300 |a 1 nestránkovaný sv. 
910 |a BOA001  |b X-0667.802 
990 |a BK 
996 6 |b 2618909356  |c X-0667.802  |l MZK  |r Sklad / do 24 hodin  |n 0  |w 000611508  |u 000010  |a 1  |e BOA001  |j MZK50  |s P